[Event "Nikolaev zt"]
[Site "Nikolaev"]
[Date "1995.??.??"]
[Round "8"]
[White "Stripunsky, Alexander"]
[Black "Kruppa, Yuri"]
[Result "1/2-1/2"]
[WhiteElo "2495"]
[BlackElo "2555"]
[PlyCount "81"]
[EventDate "1995.03.??"]
[Source "ChessBase"]

1. d4 Nf6 2. c3 b6 3. Bg5 Bb7 4. Nd2 c5 5. Ngf3 cxd4 6. Bxf6 gxf6 7. cxd4 f5 8. e3 e6 9. Be2 Be7 10. Ne5 Nc6 11. Bf3 Nxe5 12. Bxb7 Rb8 13. dxe5 Rxb7 14. e4 Bb4 15. O-O Qg5 16. f4 Qg4 17. exf5 Qxd1 18. Raxd1 exf5 19. Nf3 O-O 20. a3 Be7 21. Nd4 Bc5 22. b4 Bxd4+ 23. Rxd4 Rc8 24. Rf3 Rc1+ 25. Kf2 Rc2+ 26. Kg3 Rbc7 27. Rfd3 R7c6 28. Rd6 Ra2 29. Rf6 Rcc2 30. Rxf5 Rxg2+ 31. Kf3 Rgf2+ 32. Ke4 Rfe2+ 33. Kd5 Red2 34. Rg5+ Kf8 35. Rgg3 Rxd3+ 36. Rxd3 Rxh2 37. f5 f6 38. Kd6 fxe5 39. Kxe5 Ke7 40. f6+ Kd8 41. Rg3 1/2-1/2

[Event "X Open internazionale"]
[Site "Banyoles SPA"]
[Date "2007.08.19"]
[Round "4"]
[White "Shengelia, Davit"]
[Black "Aroshidze, Levan"]
[Result "1/2-1/2"]
[WhiteElo "2572"]
[BlackElo "2470"]
[PlyCount "47"]
[EventDate "2007.08.16"]
[Source "www.chesslib.no"]
[SourceDate "2004.05.04"]

1. d4 Nf6 2. g3 c5 3. d5 g6 4. Bg2 Bg7 5. Nh3 O-O 6. c4 d6 7. Nc3 Na6 8. O-O Nc7 9. Nf4 Rb8 10. a4 b6 11. Rb1 Nd7 12. Bd2 Ne5 13. b3 a6 14. Nd3 Nxd3 15. exd3 a5 16. Ne2 e6 17. dxe6 Bxe6 18. Be3 Bg4 19. h3 Bxe2 20. Qxe2 Ne6 21. Bd5 Nd4 22. Bxd4 Bxd4 23. Qf3 Qf6 24. Qxf6 1/2-1/2

[Event "OHRA"]
[Site "Amsterdam"]
[Date "1984.??.??"]
[Round "7"]
[White "Bohm, Hans"]
[Black "Polugaevsky, Lev"]
[Result "1/2-1/2"]
[WhiteElo "2415"]
[BlackElo "2625"]
[PlyCount "120"]
[EventDate "1984.07.??"]
[Source "ChessBase"]

1. d4 Nf6 2. c3 d6 3. Bg5 Nbd7 4. Nd2 h6 5. Bh4 g6 6. e3 Bg7 7. Bd3 e5 8. Ne2 O-O 9. a4 a5 10. O-O Qe7 11. b4 exd4 12. exd4 g5 13. Bg3 axb4 14. cxb4 Nd5 15. Qb3 N7f6 16. Rfe1 Be6 17. Bc4 Qd7 18. b5 Ra5 19. f3 Rfa8 20. Rec1 R5a7 21. Bf2 Nb6 22. Bxe6 fxe6 23. Nc3 Nfd5 24. Nde4 Nxc3 25. Nxc3 d5 26. Re1 Qf7 27. Re2 Qf5 28. Qd1 Nc4 29. Bg3 b6 30. Raa2 Rf8 31. Re1 Rf7 32. Rae2 g4 33. Rxe6 gxf3 34. Re8+ Kh7 35. gxf3 Nb2 36. Qd2 Nd3 37. Rf1 Bxd4+ 38. Kg2 Bg7 39. Rd8 d4 40. Ne4 Nc5 41. Nxc5 Qxc5 42. Qd3+ Qf5 43. Qxf5+ Rxf5 44. Rc1 Rxa4 45. Rxc7 Ra2+ 46. Kh3 Kg6 47. Rg8 Rf7 48. Rxf7 Kxf7 49. Rb8 d3 50. Rb7+ Kg6 51. Rxb6+ Kf5 52. Rd6 d2 53. b6 Rb2 54. Rd5+ Ke6 55. Rd6+ Kf5 56. Rd5+ Ke6 57. Rxd2 Rxb6 58. Kg4 Rb5 59. Rd6+ Kf7 60. Bf4 h5+ 1/2-1/2

[Event "Bundesliga 9192"]
[Site "Germany"]
[Date "1992.??.??"]
[Round "?"]
[White "Pfleger, Helmut"]
[Black "Lutz, Christopher"]
[Result "1/2-1/2"]
[WhiteElo "2495"]
[BlackElo "2545"]
[PlyCount "72"]
[EventDate "1991.10.??"]
[Source "ChessBase"]
[SourceDate "1999.07.01"]

1. d4 Nf6 2. g3 d5 3. Bg2 c6 4. Nf3 Bg4 5. O-O e6 6. Nbd2 Be7 7. c4 Nbd7 8. Qb3 Qb6 9. h3 Bh5 10. Qxb6 axb6 11. b3 Bb4 12. a4 Ne4 13. g4 Bg6 14. Nxe4 dxe4 15. Nd2 Bc3 16. Ra2 Bxd4 17. Nxe4 Bxe4 18. Bxe4 Nc5 19. Bc2 Na6 20. Be4 Nc5 21. Bc2 O-O-O 22. a5 bxa5 23. Rxa5 Na6 24. Bf4 Bc3 25. Ra4 h5 26. Kg2 hxg4 27. hxg4 Bb4 28. Raa1 Bd6 29. Bxd6 Rxd6 30. Rfd1 Kd7 31. Kg3 Rxd1 32. Rxd1+ Ke7 33. g5 Nb4 34. Be4 Ra8 35. e3 Ra3 36. Rb1 f5 1/2-1/2

[Event "Lyon zt"]
[Site "Lyon"]
[Date "1990.??.??"]
[Round "6"]
[White "Kuijf, Marinus"]
[Black "Van der Wiel, John TH"]
[Result "1/2-1/2"]
[WhiteElo "2490"]
[BlackElo "2550"]
[PlyCount "60"]
[EventDate "1990.04.??"]
[Source "ChessBase"]

1. d4 Nf6 2. c3 c6 3. Bg5 d5 4. Nd2 Bf5 5. e3 Nbd7 6. Ngf3 h6 7. Bh4 e6 8. Be2 Be7 9. O-O O-O 10. Qb3 b5 11. a4 a6 12. axb5 axb5 13. Rxa8 Qxa8 14. Ne5 Nxe5 15. dxe5 Ne4 16. Bxe7 Nxd2 17. Qa3 Qxa3 18. Bxa3 Ra8 19. Ra1 Nb1 20. f3 Ra5 21. Bd1 Bd3 22. Be2 Bc2 23. Bd1 Nxa3 24. Bxc2 Nc4 25. Rxa5 Nxa5 26. Bd3 Kf8 27. Kf2 Ke7 28. f4 Nb3 29. Bc2 Nc5 30. Kf3 Nd7 1/2-1/2

[Event "BL2-Nord 0102"]
[Site "Germany"]
[Date "2002.04.14"]
[Round "8.2"]
[White "Blatny, Pavel"]
[Black "Socko, Bartosz"]
[Result "0-1"]
[WhiteElo "2478"]
[BlackElo "2559"]
[PlyCount "74"]
[EventDate "2001.10.07"]
[Source "ChessBase"]
[SourceDate "2002.07.08"]

1. d4 Nf6 2. g3 g6 3. Bg2 Bg7 4. e4 d6 5. Ne2 O-O 6. O-O e5 7. c3 Re8 8. dxe5 dxe5 9. Qc2 b6 10. Rd1 Nbd7 11. a4 a6 12. c4 a5 13. b3 c6 14. c5 bxc5 15. Be3 Qc7 16. h3 Ba6 17. Na3 Reb8 18. Nc1 Bf8 19. Nd3 Ne8 20. Rac1 Ng7 21. h4 Ne6 22. Bh3 Nd4 23. Bxd4 cxd4 24. Nc4 f6 25. f4 exf4 26. Nxf4 Nc5 27. Rxd4 Rxb3 28. Kh2 Rab8 29. Bg2 Bh6 30. e5 Bxf4 31. Rxf4 Nd3 32. Rxf6 Nxc1 33. Rxc6 Qa7 34. Qxc1 Bb7 35. Rc7 Qf2 36. Qf1 Qxg3+ 37. Kg1 Rb1 0-1

[Event "Ckhaltubo"]
[Site "Ckhaltubo"]
[Date "1981.??.??"]
[Round "?"]
[White "Gurgenidze, Bukhuti I"]
[Black "Vasiukov, Evgeni A"]
[Result "1/2-1/2"]
[WhiteElo "2490"]
[BlackElo "2545"]
[PlyCount "56"]
[EventDate "1981.??.??"]
[Source "www.chesslib.no"]
[SourceDate "2004.05.04"]

1. d4 Nf6 2. c3 d5 3. Bf4 g6 4. Nd2 Bg7 5. e3 O-O 6. h3 b6 7. Ngf3 Bb7 8. Ne5 Nfd7 9. Ndf3 f6 10. Nxd7 Nxd7 11. Bb5 a6 12. Ba4 b5 13. Bc2 e5 14. Bg3 c5 15. h4 cxd4 16. cxd4 e4 17. Ng1 Qe7 18. a3 Rac8 19. Ne2 f5 20. Bb3 Nb6 21. Nf4 Nc4 22. Qe2 Bf6 23. Kf1 Rfe8 24. Kg1 Qf7 25. Rh3 Qd7 26. Kh1 Kf7 27. Bh2 Bd8 28. Rg1 Bf6 1/2-1/2

[Event "Zuerich op"]
[Site "?"]
[Date "2001.12.27"]
[Round "3"]
[White "Raetsky Alexander"]
[Black "Glek Igor V"]
[Result "0-1"]
[WhiteElo "2438"]
[BlackElo "2590"]
[PlyCount "82"]
[EventDate "2001.??.??"]
[Source "www.chesslib.no"]
[SourceDate "2004.05.04"]

1. d4 Nf6 2. g3 d5 3. Bg2 c6 4. Nf3 g6 5. O-O Bg7 6. c4 dxc4 7. Ne5 Ng4 8. Nf3 O-O 9. Nc3 e5 10. dxe5 Qxd1 11. Rxd1 Nxe5 12. Nxe5 Bxe5 13. Bh6 Bg7 14. Bxg7 Kxg7 15. Rd4 Be6 16. Rad1 Na6 17. Ne4 h6 18. Nd6 Rab8 19. f4 Nb4 20. Be4 f5 21. Bb1 c5 22. R4d2 b5 23. e4 Nc6 24. exf5 gxf5 25. Re2 Rf6 26. Kf2 Kf8 27. Rxe6 Rxe6 28. Bxf5 Rf6 29. Be4 Rd8 30. Bxc6 Rfxd6 31. Rxd6 Rxd6 32. Bxb5 Rd2+ 33. Ke3 Rxb2 34. Bxc4 Rxh2 35. g4 Rg2 36. Kf3 Rc2 37. Bb3 Rc3+ 38. Ke4 c4 39. Kd4 Rf3 40. Bxc4 Rxf4+ 41. Kc5 Rxg4 0-1

[Event "Corr"]
[Site "?"]
[Date "2002.06.15"]
[Round "?"]
[White "Schuster Peter"]
[Black "Knudsen John C.(USA)"]
[Result "1/2-1/2"]
[WhiteElo "2547"]
[BlackElo "2480"]
[PlyCount "82"]
[EventDate "2002.??.??"]
[Source "www.chesslib.no"]
[SourceDate "2004.05.04"]

1. d4 Nf6 2. Bf4 c5 3. dxc5 Na6 4. e3 Nxc5 5. Nc3 d6 6. Nf3 a6 7. Be2 g6 8. O-O Bg7 9. Nd2 O-O 10. Bf3 Qc7 11. e4 Bd7 12. Re1 Ne6 13. Be3 Rac8 14. a4 a5 15. Nb3 b6 16. Qd2 Rfe8 17. Be2 Nc5 18. Nxc5 dxc5 19. Bf4 e5 20. Bg5 Be6 21. Qe3 Red8 22. Qg3 h6 23. Bxf6 Bxf6 24. Bg4 Bxg4 25. Qxg4 h5 26. Qe2 Qc6 27. Nd5 c4 28. Ra3 Rd6 29. Rea1 Kg7 30. Rc3 Bg5 31. b3 b5 32. Qe1 b4 33. Rxc4 Qa6 34. Rxc8 Qxc8 35. Qe2 Qc5 36. g3 Rc6 37. h4 Bh6 38. Ra2 Qd4 39. Kg2 Bd2 40. Qd3 Bc3 41. Ne3 Qa7 1/2-1/2

[Event "Vinkovci"]
[Site "Vinkovci"]
[Date "1993.??.??"]
[Round "10"]
[White "Kovacevic, Vlatko"]
[Black "Cvitan, Ognjen"]
[Result "0-1"]
[WhiteElo "2475"]
[BlackElo "2550"]
[PlyCount "88"]
[EventDate "1993.12.??"]
[Source "ChessBase"]

1. d4 Nf6 2. c3 g6 3. Bg5 Bg7 4. e3 O-O 5. Nd2 d6 6. Bd3 Nbd7 7. Ne2 c5 8. O-O b6 9. a4 a6 10. b4 cxb4 11. cxb4 Bb7 12. Qb3 Rc8 13. b5 a5 14. Rac1 Rxc1 15. Rxc1 Qa8 16. f3 Rc8 17. Rxc8+ Qxc8 18. Nc3 d5 19. f4 e6 20. h3 Bf8 21. Qc2 Bb4 22. Ncb1 Bd6 23. Kf1 Kg7 24. Ke2 Ne4 25. Nxe4 dxe4 26. Bc4 Bd5 27. Bb3 Qxc2+ 28. Bxc2 h6 29. Bh4 f6 30. Nc3 Bc4+ 31. Kf2 f5 32. g4 Bb4 33. Nd1 Nf6 34. Nb2 Ba2 35. g5 hxg5 36. Bxg5 Nd5 37. Bd8 Kf7 38. Bh4 Bd2 39. Nd1 Nb4 40. Ke2 Bc1 41. Bd8 Bc4+ 42. Kf2 Nxc2 43. Bxb6 Bd2 44. Bc5 Ke8 0-1

[Event "Balaguer (Spain)"]
[Site "?"]
[Date "2005.07.21"]
[Round "4"]
[White "Burmakin Vladimir"]
[Black "Mamedov Nidjat"]
[Result "0-1"]
[WhiteElo "2558"]
[BlackElo "2463"]
[PlyCount "62"]
[EventDate "2005.??.??"]
[Source "www.chesslib.no"]
[SourceDate "2004.05.04"]

1. d4 Nf6 2. g3 g6 3. Bg2 Bg7 4. e4 d6 5. Ne2 O-O 6. O-O e5 7. Nbc3 Nc6 8. dxe5 Nxe5 9. h3 Re8 10. g4 h6 11. f4 Nc6 12. Ng3 Bd7 13. Be3 b5 14. Nxb5 d5 15. e5 Nxe5 16. fxe5 Bxb5 17. exf6 Rxe3 18. fxg7 Rxg3 19. Rf3 Rxf3 20. Qxf3 c6 21. a4 Ba6 22. Qc3 Qb6+ 23. Kh1 Re8 24. a5 Qb7 25. b3 Re6 26. Qd4 Qe7 27. Rg1 Re2 28. Bf1 Re4 29. Qd2 Bxf1 30. Rxf1 Re2 31. Qd3 Qe5 0-1

[Event "RUS-Cup5"]
[Site "Ekaterinburg"]
[Date "1997.??.??"]
[Round "1"]
[White "Isaev, Jamshed"]
[Black "Yakovich, Yuri"]
[Result "0-1"]
[WhiteElo "2445"]
[BlackElo "2575"]
[PlyCount "68"]
[EventDate "1997.02.13"]
[Source "ChessBase"]

1. d4 Nf6 2. g3 d5 3. Bg2 c5 4. Nf3 cxd4 5. O-O h6 6. Bf4 Nbd7 7. Qxd4 e6 8. Nc3 Bc5 9. Qd3 b6 10. e4 Bb7 11. exd5 Nxd5 12. Nxd5 Bxd5 13. c4 Bc6 14. Rad1 Qc8 15. Rfe1 O-O 16. Qc3 a5 17. a3 a4 18. Re2 Be7 19. Bd6 Bxd6 20. Rxd6 Ra7 21. Qb4 Rc7 22. Nd2 Bxg2 23. Kxg2 Rc6 24. Rd4 Nc5 25. Nf3 Qb7 26. Qc3 Rcc8 27. Kg1 Rcd8 28. Re1 Rxd4 29. Nxd4 Rd8 30. Re3 Ne4 31. Qd3 Ng5 32. h4 Nh3+ 33. Kh2 Nxf2 34. Qe2 Qh1# 0-1

[Event "HUN-chT1 9596"]
[Site "HUN"]
[Date "1996.??.??"]
[Round "7"]
[White "Ruck, Robert"]
[Black "Groszpeter, Attila"]
[Result "1-0"]
[WhiteElo "2455"]
[BlackElo "2565"]
[PlyCount "91"]
[EventDate "1995.??.??"]
[Source "www.chesslib.no"]
[SourceDate "2004.05.04"]

1. d4 Nf6 2. g3 d5 3. Bg2 Bf5 4. Nf3 e6 5. O-O Be7 6. c4 O-O 7. Qb3 Nc6 8. Bd2 Rb8 9. Rd1 Re8 10. Bc3 dxc4 11. Qxc4 b5 12. Qb3 Be4 13. Nbd2 Bd5 14. Qc2 b4 15. e4 bxc3 16. bxc3 Nxd4 17. Nxd4 Ba8 18. N2b3 Qc8 19. e5 Nd5 20. Be4 g6 21. c4 Nb4 22. Qe2 c5 23. Nb5 Bxe4 24. Qxe4 Qb7 25. Qxb7 Rxb7 26. Na5 Rb6 27. Rd7 Bf8 28. a3 Nc2 29. Rc1 Nd4 30. Nxd4 cxd4 31. c5 Rc8 32. c6 Bxa3 33. c7 Bxc1 34. Rd8+ Kg7 35. Rxc8 Rb1 36. Rg8+ Kxg8 37. c8=Q+ Kg7 38. Qc2 Rb5 39. Nb3 Bg5 40. Nxd4 Rxe5 41. f4 Rd5 42. Nxe6+ fxe6 43. Qc7+ Kg8 44. fxg5 Rd1+ 45. Kg2 Rd2+ 46. Kh3 1-0

[Event "Decin"]
[Site "?"]
[Date "1979.??.??"]
[Round "1"]
[White "Pribyl Josef"]
[Black "Hort Vlastimil"]
[Result "1/2-1/2"]
[WhiteElo "2420"]
[BlackElo "2600"]
[PlyCount "42"]
[EventDate "1979.??.??"]
[Source "www.chesslib.no"]
[SourceDate "2004.05.04"]

1. d4 Nf6 2. g3 d5 3. Bg2 Bf5 4. c4 e6 5. Nc3 c6 6. Nf3 h6 7. O-O Nbd7 8. Qb3 Qb6 9. c5 Qc7 10. Bf4 Qc8 11. Rac1 Ne4 12. Nd2 Nxd2 13. Bxd2 Be7 14. Rfe1 O-O 15. e4 dxe4 16. Nxe4 Bxe4 17. Bxe4 Nf6 18. Bb1 Rd8 19. Rc4 Bf8 20. Qf3 Nd5 21. h4 Rd7 1/2-1/2

[Event "CRO-Cup"]
[Site "?"]
[Date "2000.??.??"]
[Round "2"]
[White "Golubovic Boris"]
[Black "Palac Mladen"]
[Result "1/2-1/2"]
[WhiteElo "2449"]
[BlackElo "2570"]
[PlyCount "89"]
[EventDate "2000.??.??"]
[Source "www.chesslib.no"]
[SourceDate "2004.05.04"]

1. d4 Nf6 2. g3 c5 3. d5 Qa5+ 4. Bd2 Qb6 5. Nc3 e6 6. Nh3 e5 7. e4 d6 8. f3 g6 9. Nf2 Bg7 10. Bb5+ Nbd7 11. Qe2 a6 12. Bd3 h5 13. a4 h4 14. g4 Nh7 15. a5 Qd8 16. Na4 Ng5 17. Bc4 Qf6 18. Ra3 Rb8 19. O-O O-O 20. Kg2 Bh6 21. h3 Qe7 22. Bd3 f6 23. b4 cxb4 24. Bxb4 Nf7 25. c4 Nc5 26. Nxc5 dxc5 27. Bd2 Bxd2 28. Qxd2 Bd7 29. Rb3 Nd6 30. Rfb1 Rbc8 31. Rb6 Rf7 32. Re1 Rc7 33. Qb2 Be8 34. Nd1 Nc8 35. Rb3 Ba4 36. Ra3 Bxd1 37. Rxd1 Nd6 38. Re1 Qf8 39. Qd2 Kh7 40. Rb3 Qh6 41. Qxh6+ Kxh6 42. Kf2 g5 43. Ke3 Kg7 44. Reb1 Kf8 45. Kd2 1/2-1/2

[Event "Ehrat mem (SUI vs GER match)"]
[Site "?"]
[Date "1999.08.19"]
[Round "6"]
[White "Tischbierek Raj"]
[Black "Hug Werner"]
[Result "1-0"]
[WhiteElo "2544"]
[BlackElo "2473"]
[PlyCount "79"]
[EventDate "1999.??.??"]
[Source "www.chesslib.no"]
[SourceDate "2004.05.04"]

1. d4 Nf6 2. g3 c6 3. Bg2 d5 4. c4 Bg4 5. Nc3 e6 6. f3 Bh5 7. Nh3 Bg6 8. Nf4 c5 9. cxd5 exd5 10. Be3 Nc6 11. h4 Be7 12. h5 Bf5 13. g4 Bxg4 14. fxg4 Nxg4 15. Ncxd5 Nxe3 16. Nxe3 cxd4 17. Ned5 Bh4+ 18. Kf1 O-O 19. h6 g6 20. Qd3 Qg5 21. Kg1 Rae8 22. Rf1 Re5 23. b4 Rd8 24. Qf3 Rf5 25. b5 Ne5 26. Qe4 Bg3 27. Rh5 gxh5 28. Qxf5 Qxf5 29. Ne7+ Kf8 30. Nxf5 Bxf4 31. Rxf4 d3 32. exd3 Nxd3 33. Rc4 b6 34. Rc7 Nf4 35. Rxa7 h4 36. Nxh4 Rd2 37. Bf3 Nh3+ 38. Kf1 Ng5 39. Bc6 f6 40. Ke1 1-0

[Event "Lippstadt"]
[Site "Lippstadt"]
[Date "1999.08.01"]
[Round "10"]
[White "Slobodjan, Roman"]
[Black "McShane, Luke J"]
[Result "1-0"]
[WhiteElo "2550"]
[BlackElo "2467"]
[PlyCount "103"]
[EventDate "1999.07.22"]
[Source "ChessBase"]
[SourceDate "1999.10.01"]

1. d4 Nf6 2. g3 d5 3. Bg2 c5 4. dxc5 e5 5. Bg5 Bxc5 6. Nc3 Bxf2+ 7. Kxf2 Ng4+ 8. Ke1 Qxg5 9. Nxd5 O-O 10. Nf3 Qd8 11. h3 Nf6 12. Nxe5 Nc6 13. Nxc6 bxc6 14. Nxf6+ Qxf6 15. Qd3 Qxb2 16. Kf2 Be6 17. Rhb1 Qe5 18. Qe3 Qf5+ 19. Qf3 Qc5+ 20. Qe3 Qxc2 21. Rc1 Qb2 22. Qc3 Qb6+ 23. Qc5 Rfc8 24. a4 Qd8 25. Rab1 Bd5 26. e4 Ba2 27. Rb7 Rab8 28. Rxb8 Rxb8 29. Kg1 Qc7 30. Qxc6 Qxc6 31. Rxc6 Kf8 32. a5 Rb1+ 33. Kh2 Rb7 34. a6 Rd7 35. h4 Ke7 36. Bh3 Be6 37. Bxe6 fxe6 38. Kh3 Rd6 39. Rc7+ Rd7 40. Rb7 Kd6 41. Rb8 Rc7 42. Kg4 Ke5 43. Rb5+ Kd6 44. Rh5 g6 45. Rb5 Rc6 46. e5+ Kd7 47. Rb7+ Rc7 48. Rxc7+ Kxc7 49. Kg5 Kc6 50. Kf6 Kd5 51. g4 h6 52. g5 1-0

[Event "It CGT 2003"]
[Site "Buenos Aires"]
[Date "2003.12.11"]
[Round "1"]
[White "Slipak, Sergio"]
[Black "Sorin, Ariel"]
[Result "1/2-1/2"]
[WhiteElo "2503"]
[BlackElo "2512"]
[PlyCount "52"]
[EventDate "2003.12.11"]
[Source "Roberto Alvarez"]
[SourceDate "2003.12.22"]

1. d4 Nf6 2. c3 d5 3. Bg5 Ne4 4. Bf4 c6 5. f3 Nf6 6. Nd2 Bf5 7. Qb3 Qb6 8. g4 Bg6 9. h4 h5 10. g5 Nfd7 11. e4 e6 12. Nh3 c5 13. exd5 exd5 14. Qxb6 axb6 15. Bxb8 Rxb8 16. Nf4 cxd4 17. cxd4 Bd6 18. Nxg6 Bg3+ 19. Kd1 fxg6 20. Bd3 O-O 21. Bxg6 Rf4 22. Nb3 Rxh4 23. Rxh4 Bxh4 24. Bxh5 Bxg5 25. Ke2 Nf6 26. Bg6 Kf8 1/2-1/2

[Event "Vilnius zt"]
[Site "Vilnius"]
[Date "1975.??.??"]
[Round "5"]
[White "Gulko, Boris F"]
[Black "Gufeld, Eduard"]
[Result "1-0"]
[WhiteElo "2480"]
[BlackElo "2535"]
[PlyCount "117"]
[EventDate "1975.??.??"]
[Source "ChessBase"]

1. d4 Nf6 2. g3 g6 3. Bg2 Bg7 4. e4 d6 5. Ne2 O-O 6. O-O e5 7. Nbc3 Nc6 8. d5 Ne7 9. f4 exf4 10. Bxf4 Ng4 11. Qd2 c6 12. h3 Ne5 13. b3 c5 14. a4 Kh8 15. Rf2 Ng8 16. Raf1 Qe7 17. g4 Bd7 18. Bg5 f6 19. Bf4 b6 20. Kh1 a6 21. Ng1 b5 22. Nf3 Nf7 23. Re1 Rab8 24. axb5 axb5 25. b4 cxb4 26. Na2 Ne5 27. Nxe5 fxe5 28. Be3 Rxf2 29. Qxf2 Bh6 30. Bxh6 Nxh6 31. Rf1 Kg7 32. Qa7 Rf8 33. Nxb4 Rf7 34. Qb7 Be8 35. Qxe7 Rxe7 36. Ra1 Rc7 37. Bf1 Nf7 38. Kg2 Ng5 39. Bd3 h6 40. Ra8 Bd7 41. Ra6 Nf7 42. Nc6 Rb7 43. c3 h5 44. gxh5 gxh5 45. h4 Nh8 46. Kf2 Ng6 47. Na5 Rc7 48. Rxd6 Bg4 49. Nc6 Nxh4 50. Bxb5 Nf3 51. Ke3 h4 52. Be2 Nh2 53. Nxe5 Bxe2 54. Kxe2 Rxc3 55. Rg6+ Kh7 56. d6 Nf3 57. Nxf3 Kxg6 58. d7 Rc8 59. dxc8=B 1-0

[Event "Aceimar op"]
[Site "?"]
[Date "1994.??.??"]
[Round "?"]
[White "Popchev Milko"]
[Black "Kurajica Bojan"]
[Result "1-0"]
[WhiteElo "2450"]
[BlackElo "2565"]
[PlyCount "101"]
[EventDate "1994.??.??"]
[Source "www.chesslib.no"]
[SourceDate "2004.05.04"]

1. d4 Nf6 2. g3 c5 3. c3 e6 4. Bg2 d5 5. Nf3 Nc6 6. O-O Be7 7. a3 cxd4 8. cxd4 Ne4 9. Ne5 Qb6 10. Nxc6 Qxc6 11. Qd3 Bd7 12. Nd2 Nf6 13. e4 O-O 14. Re1 Rac8 15. e5 Ne8 16. Nf3 Qc2 17. Qxc2 Rxc2 18. Bf1 Rc8 19. Bg5 Bxg5 20. Nxg5 Nc7 21. Rac1 Na8 22. f4 Ba4 23. Bh3 Bd7 24. Bf1 Nb6 25. b3 h6 26. Nf3 Rxc1 27. Rxc1 Rc8 28. Rc5 Kf8 29. Kf2 Ke7 30. Ke3 Na8 31. Bd3 b6 32. Rxc8 Bxc8 33. g4 Nc7 34. f5 Ba6 35. Bxa6 Nxa6 36. Ne1 Nb8 37. Nd3 Nc6 38. b4 b5 39. Nc5 a5 40. a4 axb4 41. axb5 Na5 42. Kd3 Nc4 43. fxe6 fxe6 44. h4 g6 45. g5 h5 46. Ke2 Kf7 47. Kd3 Ke7 48. Na4 Kd7 49. b6 b3 50. Nc5+ Kc6 51. b7 1-0

[Event "KNSB NED-tt"]
[Site "?"]
[Date "1998.04.25"]
[Round "9"]
[White "Bohm Hans"]
[Black "Sokolov Ivan"]
[Result "0-1"]
[WhiteElo "2390"]
[BlackElo "2625"]
[PlyCount "80"]
[EventDate "1998.??.??"]
[Source "www.chesslib.no"]
[SourceDate "2004.05.04"]

1. d4 Nf6 2. c3 d6 3. Bg5 Nbd7 4. Nd2 e5 5. e3 Be7 6. Bd3 d5 7. Ne2 O-O 8. Qb3 c5 9. Bb1 e4 10. O-O b6 11. f3 Ba6 12. Qd1 exf3 13. Rxf3 Nh5 14. Bxe7 Qxe7 15. Nf1 cxd4 16. cxd4 Qb4 17. b3 Bxe2 18. Qxe2 g6 19. Bd3 Rac8 20. g4 Ng7 21. Rd1 Qe7 22. Qf2 Rc3 23. h4 Rfc8 24. g5 Nh5 25. Ng3 Rc1 26. Rxc1 Rxc1+ 27. Kg2 Nxg3 28. Qxg3 Rc3 29. Bb5 Nf8 30. Qe5 Qxe5 31. dxe5 Rc5 32. Be8 Rc7 33. b4 Re7 34. Bc6 Rxe5 35. b5 Ne6 36. Kf2 Kf8 37. Rh3 Ke7 38. Rg3 Re4 39. Bxd5 Rxh4 40. e4 Nc7 0-1

[Event "Tch-RUS (club) (1 liga)"]
[Site "Sochi"]
[Date "2004.04.24"]
[Round "5.6"]
[White "Burmakin, Vladimir"]
[Black "Gladyszev, Oleg"]
[Result "1/2-1/2"]
[WhiteElo "2571"]
[BlackElo "2443"]
[PlyCount "82"]
[EventDate "2004.04.20"]
[Source "Roberto Alvarez"]
[SourceDate "2004.05.03"]

1. d4 Nf6 2. g3 g6 3. Bg2 Bg7 4. e4 d6 5. Ne2 O-O 6. O-O e5 7. Nbc3 Nc6 8. d5 Ne7 9. h3 c6 10. Bg5 cxd5 11. Bxf6 Bxf6 12. Nxd5 Nxd5 13. Qxd5 Qb6 14. Qd3 Be6 15. c4 a6 16. b3 Rac8 17. Rfd1 Qa5 18. a4 Rc6 19. Nc3 Bd8 20. Rab1 Qc5 21. Qe2 Bb6 22. h4 Kg7 23. Nd5 Bxd5 24. Rxd5 Qb4 25. Bh3 Bd4 26. Kg2 Qc3 27. h5 Rd8 28. Qf3 Qxf3+ 29. Kxf3 Rc5 30. Ke2 a5 31. f4 Rxd5 32. cxd5 Re8 33. Kf3 Bc5 34. Rc1 b6 35. f5 f6 36. fxg6 hxg6 37. hxg6 Kxg6 38. Bf5+ Kg7 39. Rh1 Rh8 40. Rh4 Rxh4 41. gxh4 Bb4 1/2-1/2

[Event "Sarajevo"]
[Site "Sarajevo"]
[Date "1988.??.??"]
[Round "?"]
[White "Kovacevic, Vlatko"]
[Black "Lalic, Bogdan"]
[Result "1/2-1/2"]
[WhiteElo "2515"]
[BlackElo "2495"]
[PlyCount "45"]
[EventDate "1988.03.??"]
[Source "ChessBase"]

1. d4 Nf6 2. c3 e6 3. Bg5 c5 4. e3 cxd4 5. exd4 Be7 6. Nf3 O-O 7. Bd3 b6 8. O-O Bb7 9. Re1 Nc6 10. Nbd2 Nd5 11. Bxe7 Ncxe7 12. a4 a6 13. g3 Nf6 14. Qe2 Qc7 15. Ne4 Nxe4 16. Bxe4 Nd5 17. Ne5 Nf6 18. Bf3 d6 19. Nd3 Bxf3 20. Qxf3 d5 21. Ra3 Ne4 22. Qe2 Nd6 23. Ne5 1/2-1/2

[Event "Najdorf mem Great fin"]
[Site "Buenos Aires"]
[Date "2002.10.07"]
[Round "4.3"]
[White "Slipak, Sergio"]
[Black "Sorin, Ariel"]
[Result "1-0"]
[WhiteElo "2498"]
[BlackElo "2512"]
[PlyCount "117"]
[EventDate "2002.09.01"]
[Source "ChessBase"]
[SourceDate "2002.11.06"]

1. d4 Nf6 2. c3 d5 3. Bf4 c6 4. Nf3 Bf5 5. Nbd2 e6 6. Qb3 Qb6 7. Nh4 Bg4 8. h3 Bh5 9. g4 Bg6 10. Nxg6 hxg6 11. Bg2 c5 12. Qxb6 axb6 13. dxc5 bxc5 14. e4 Nc6 15. exd5 Nxd5 16. Bg3 Be7 17. a3 O-O 18. c4 Nb6 19. Bxc6 bxc6 20. b3 Ra7 21. Kd1 f5 22. Kc2 Bf6 23. Ra2 Bd4 24. Nf3 f4 25. Bh4 Bf6 26. g5 Bd8 27. Ne5 Bc7 28. Nxc6 Raa8 29. f3 Rae8 30. Rd1 Rf5 31. a4 e5 32. a5 Na8 33. Rd7 e4 34. fxe4 Rf7 35. Rxf7 Kxf7 36. Kd3 Re6 37. Na7 Rd6+ 38. Ke2 Rd4 39. Nb5 Rxe4+ 40. Kf1 Be5 41. Re2 Rxe2 42. Kxe2 Ke6 43. Bf2 Kf5 44. Bxc5 Kxg5 45. Bd4 Bxd4 46. Nxd4 Kh4 47. Ne6 Kxh3 48. Kf3 Kh4 49. Kxf4 g5+ 50. Nxg5 Nc7 51. b4 Ne8 52. a6 Nc7 53. a7 Na8 54. b5 Nb6 55. Nf3+ Kh5 56. c5 g5+ 57. Kg3 Na8 58. b6 g4 59. Ne5 1-0

[Event "It (open)"]
[Site "?"]
[Date "2005.07.07"]
[Round "8"]
[White "Malakhatko Vadim"]
[Black "Tirard Hugo"]
[Result "1-0"]
[WhiteElo "2556"]
[BlackElo "2447"]
[PlyCount "81"]
[EventDate "2005.??.??"]
[Source "www.chesslib.no"]
[SourceDate "2004.05.04"]

1. d4 Nf6 2. c3 g6 3. Bg5 Bg7 4. Nd2 d6 5. Ngf3 c5 6. e3 O-O 7. Be2 Nc6 8. O-O Be6 9. Bxf6 exf6 10. Nb3 Na5 11. Nfd2 Qc7 12. Nxa5 Qxa5 13. Bc4 cxd4 14. exd4 Rfe8 15. Re1 Bh6 16. Bb3 Qb6 17. Nf1 Bxb3 18. Qxb3 Qxb3 19. axb3 a6 20. g3 f5 21. f4 Rad8 22. Ne3 d5 23. Kf2 Re6 24. Ra5 Red6 25. Ng2 Bf8 26. b4 Kg7 27. Re5 f6 28. Re2 Kf7 29. Ne3 Be7 30. b5 R8d7 31. bxa6 bxa6 32. b4 Bd8 33. Ra3 Rc7 34. Rea2 Rcc6 35. Ke2 Rc8 36. Kd3 Ra8 37. Nc2 g5 38. Ne3 Kg6 39. Rf2 g4 40. Re2 Ra7 41. Ng2 1-0

[Event "8th Open "]
[Site "Genova"]
[Date "2004.08.13"]
[Round "5"]
[White "Lazic, Miroljub"]
[Black "Paragua, Mark"]
[Result "1/2-1/2"]
[WhiteElo "2471"]
[BlackElo "2529"]
[PlyCount "60"]
[EventDate "2004.08.09"]
[Source "Roberto Alvarez"]
[SourceDate "2004.08.30"]

1. d4 Nf6 2. g3 g6 3. Bg2 Bg7 4. e4 d6 5. Ne2 O-O 6. h3 e5 7. O-O Re8 8. Nbc3 c6 9. Be3 b5 10. a3 Bb7 11. g4 a6 12. dxe5 dxe5 13. Qxd8 Rxd8 14. Nc1 Nbd7 15. Nb3 a5 16. Rfd1 Bf8 17. a4 b4 18. Nb1 Ne8 19. N1d2 Nd6 20. Nc5 Bc8 21. Ndb3 Nc4 22. Bg5 Nxc5 23. Rxd8 Ne6 24. Bf1 Nxd8 25. Bxc4 Nb7 26. f3 Nd6 27. Be2 Nb7 28. Bc4 Nd6 29. Bf1 Nb7 30. Bc4 Nd6 1/2-1/2